000 01595cam a22003974a 4500
001 50571
005 20230410121043.0
008 060510s2005 ag b 000 0 spa
010 _a 2006353871
035 _a(OCoLC)ocm61524287
040 _aDLC
_cDLC
_dIXA
020 _a9509603120
020 _a9789509603127
029 1 _aNLGGC
_b297931490
035 _a(OCoLC)61524287
042 _apcc
043 _as-ag---
050 1 4 _aJL 2031
_bE74e 2005
082 0 0 _a320.9
100 1 _aEscudé, Carlos,
_d1948-
245 1 3 _aEl Estado parasitario :
_bArgentina : ciclos de vaciamiento, clase política delictiva y colapso de la política exterior /
_cCarlos Escudé.
260 _a[Buenos Aires] :
_bLumiere,
_cc2005.
300 _a167 p. ;
_c23 cm.
504 _aIncludes bibliographical references.
505 0 _aChapter 1. Ciclos de vaciamiento y clase política delictiva : hacia una teoría sistémica del "Estado parasitario" -- Chapter 2. Piqueteros : prebenda y extorsión en los estratos marginales de un "Estado parasitario" -- Chapter 3. La muerte de la política exterior : el callejón con salida de un "Estado parasitario" .
651 0 _aArgentina
_xPolitics and government
_y1983-2002.
651 0 _aArgentina
_xPolitics and government
_y2002-
651 0 _aArgentina
_xEconomic policy.
651 0 _aArgentina
_xForeign relations
_y1983-2002.
651 0 _aArgentina
_xForeign relations
_y2002-
651 4 _aArgentina
_xPolítica y gobierno.
651 4 _aArgentina
_xRelaciones exteriores.
650 4 _a20150700
942 _2lcc
_cbk
994 _aC0
_bDRFGD
999 _c57034
_d57034